000 nam a22 7a 4500
999 _c9889
_d9889
008 180208b ||||| |||| 00| 0 eng d
100 _aMaanu Graphics
_95962
245 _a180 ac Newton Jegadish
260 _aNew Delhi
_bMaanu Publication
_c2012